| 000 | 00495nam a2200181Ia 4500 | ||
|---|---|---|---|
| 001 | 19666 | ||
| 005 | 20260306172709.0 | ||
| 008 | 260306t2011||||xx |||||||||||||| ||spa|| | ||
| 041 | _aESP | ||
| 082 |
_a341 _bA32 |
||
| 100 |
_aAgudelo Ramírez, Martín _eAUT |
||
| 245 | 0 |
_aEl problema de la fundamentación filosófica de los derechos humanos: _bbases ontológicas |
|
| 260 | _c2011 | ||
| 300 |
_axx, 377 páginas : _c23 cm. |
||
| 650 | _aGEN | ||
| 654 | _aCDE | ||
| 942 |
_cLIB _dJUS _fJUS _2ddc _n |
||
| 999 |
_c19666 _d19666 |
||